000 00478nam a2200205Ia 4500
003 OSt
005 20220923211758.0
006 a|||||r|||| 00| 0
007 ta
008 Pun
024 _a54,239
037 _cTextual
040 _aARTS
_cARTS
_bPun
041 _2Pun
_aPun
082 _aP153, K3
245 0 _aਸਾਹਿਤ ਸਮਾਚਾਰ (ਭਾFਾ ਵਿFੇF ਅੰਕ)
260 _c1963
942 _hP153, K3
_cTEXL
_2CC
999 _c303469
_d303469